000
00298nam a22001337a 4500
008
180103b xxu||||| |||| 00| 0 eng d
020
_a
656164001
041
_a
eng
080
_a
910
100
_a
42
101
_a
GJEO
245
_a
Fundamentals of POPULATION GEOGRAPHY
_c
Ghosh
942
_2
udc
_c
BK
999
_c
39579
_d
39579